A brief description of the principal monuments /
Corporate Author:
Format: Book
Language: English
Published:
Cairo :
Imprimerie de l'Institut francais d'archeologie orientale,
1927.
Subjects:
Tags: Add Tag
Call Number: DT59 .C243 M392 1927
| LEADER | 00727cam a2200229 i 4500 | ||
|---|---|---|---|
| 001 | ocm00644047 | ||
| 003 | OSt | ||
| 005 | 20260519090908.0 | ||
| 008 | 730618s1927 ua e c 000 0 eng d | ||
| 040 | |c ARCE Library | ||
| 043 | |a f-ua--- | ||
| 050 | 4 | |a DT59 .C243 M392 1927 | |
| 110 | 2 | |a Mathaf al-Misri, |e author | |
| 245 | 1 | 2 | |a A brief description of the principal monuments / |c by the curators of the Musuem. |
| 264 | 1 | |a Cairo : |b Imprimerie de l'Institut francais d'archeologie orientale, |c 1927. | |
| 300 | |a xvi, 134 pages : |b plans ; |c 19 cm. | ||
| 610 | 2 | 0 | |a Mathaf al-Misri |v Catalogs. |
| 650 | 0 | |a Art, Egyptian |v Catalogs. | |
| 651 | 0 | |a Egypt |x Antiquities |v Catalogs. | |
| 901 | |a reviewed | ||
| 942 | |2 lcc |c BK | ||
| 999 | |c 55278 |d 55278 | ||
